Progresos de hematología / (Record no. 108923)
[ view plain ]
| 000 -LEADER | |
|---|---|
| campo de control de longitud fija | 00676nam a2200193 4500 |
| 001 - NÚMERO DE CONTROL | |
| campo de control | 108923 |
| 003 - IDENTIFICADOR DE NÚMERO DE CONTROL | |
| campo de control | ES-MaACL |
| 005 - FECHA Y HORA DE LA ÚLTIMA TRANSACCIÓN | |
| campo de control | 20230906184735.0 |
| 007 - CAMPO FIJO DE DESCRIPCIÓN FÍSICA--INFORMACIÓN GENERAL | |
| campo de control de longitud fija | t| |
| 008 - DATOS DE LONGITUD FIJA--INFORMACIÓN GENERAL | |
| campo de control de longitud fija | 061121s1968 sp r ||||1| spa d |
| 100 1# - ENTRADA PRINCIPAL--NOMBRE DE PERSONA | |
| Nombre de persona | Moore, Carl V. |
| 9 (RLIN) | 82801 |
| 245 10 - MENCIÓN DEL TÍTULO | |
| Título | Progresos de hematología / |
| Mención de responsabilidad, etc. | directores Carl V. Moore y Elmer B. Brown . traducción Juan Colom y Bragulat , revisada M. Miserachs Rigalt. |
| 260 ## - PUBLICACIÓN, DISTRIBUCIÓN, ETC. | |
| Lugar de publicación, distribución, etc. | Barcelona [etc.] : |
| Nombre del editor, distribuidor, etc. | Científico-Médica, |
| Fecha de publicación, distribución, etc. | 1968-1972. |
| 300 ## - DESCRIPCIÓN FÍSICA | |
| Extensión | 2 vol. : |
| Otras características físicas | il ; |
| Dimensiones | 24 cm. |
| 700 1# - ENTRADA AGREGADA--NOMBRE PERSONAL | |
| Nombre de persona | Brown, Elmer B. |
| 9 (RLIN) | 31986 |
| 700 0# - ENTRADA AGREGADA--NOMBRE PERSONAL | |
| Nombre de persona | Colom Bragulat, Juan. |
| 9 (RLIN) | 39794 |
| 700 1# - ENTRADA AGREGADA--NOMBRE PERSONAL | |
| Nombre de persona | Miserachs Rigalt, Manuel. |
| 9 (RLIN) | 81647 |
| 852 ## - LOCALIZACIÓN | |
| Ubicación | ES-MaACL |
| Número de control de estantería | C-1539 |
| Sublocalización o colección | R.68734 |
| Estatus retirado | Estado de pérdida | Estado de daño | No para préstamo | Biblioteca de origen | Biblioteca actual | Ubicación en estantería | Fecha de adquisición | Fuente de adquisición | Total de préstamos | Signatura topográfica completa | Código de barras | Visto por última vez | Precio de reemplazo | Tipo de ítem Koha |
|---|---|---|---|---|---|---|---|---|---|---|---|---|---|---|
| Biblioteca del Ateneo de Madrid | Biblioteca del Ateneo de Madrid | Sala Palomar | 17/01/2008 | C-1539 | 1113655 | 23/02/2023 | 23/02/2023 | Libro impreso |
